00479cam a2200193ua 45000010006000000050017000060080039000230200018000620400009000800410008000890820013000971000027001102450027001372500012001642600048001763000010002246530033002346530018002671047120260515114627.0190227n ii |||gr||||Z||||||asm a9788186384794 cMAIN aasm a891.4513 aHemanta Deka,eAuthor. aAsamiya panchali kabya a1st ed. aGuwahati:bAssam publishing company,c2013. a246p. aAssamese panchali literature aAssamese poem